000 00329nam a2200133Ia 4500
005 20251222144712.0
008 251222s9999||||xx |||||||||||||| ||spa||
020 _a978-603-45229-1-6
082 _a344.01/B45
100 _aBernuy Alvarez, Oscar H.
245 0 _aManual Práctico Laboral
264 _bEntrelĂ­neas
942 _cLIB
999 _c17861
_d17861